[Event "World Blitz 2015"]
[Site "Berlin GER"]
[Date "2015.10.13"]
[Round "7.87"]
[White "Choukri, Adel"]
[Black "Przybylski, Wojciech"]
[Result "1/2-1/2"]
[WhiteTitle "CM"]
[BlackTitle "FM"]
[WhiteElo "2199"]
[BlackElo "2354"]
[WhiteFideId "9000399"]
[BlackFideId "1117599"]
[EventDate "2015.10.13"]

1. e4 e5 2. Nf3 Nc6 3. Bb5 Nf6 4. O-O Nxe4 5. d4 Nd6 6. Bxc6 dxc6 7. dxe5 Nf5 8.
Qxd8+ Kxd8 9. Nc3 Ke8 10. h3 h6 11. Bf4 Ne7 12. Rad1 Ng6 13. Bg3 Be7 14. Rfe1 a6
15. e6 Bxe6 16. Bxc7 Rc8 17. Bb6 c5 18. Nd5 Rc6 19. Nc7+ Kf8 20. Nxe6+ fxe6 21.
Bd8 Kf7 22. Bxe7 Kxe7 23. Re4 Rf8 24. Rg4 Rf6 25. Rxg6 Rxg6 26. Ne5 Rf6 27.
Nxc6+ bxc6 28. Rd3 Rf4 29. Ra3 Rd4 30. Rxa6 Kd6 31. Ra7 Rd2 32. Rxg7 Rxc2 33.
Rb7 c4 34. g4 Ke5 35. Kg2 c3 36. bxc3 Rxc3 37. Rh7 Ra3 38. Rxh6 c5 39. Rh8 Rxa2
40. Rc8 Kd4 41. g5 c4 42. h4 Ra5 43. Rd8+ Ke4 44. Kg3 Rc5 45. Rd1 c3 46. Rc1 Kf5
47. Rc2 Rc4 48. f3 e5 49. Kh3 Rc6 50. Kg3 Rc4 51. Kh3 Rc6 52. Kg3 Rc8 53. Kh3
Rc7 54. Kg3 Rc6 55. Kh3 Kf4 56. g6 Rxg6 57. Rxc3 Rg1 58. Kh2 Rg8 59. Rc5 Rd8 60.
Kh3 Rd1 61. Kh2 Rd2+ 62. Kh3 Rd1 63. Kg2 Rd2+ 64. Kh3 Rd1 65. Kg2 Rd8 66. Rc4+
Kf5 67. Rg4 Rd2+ 68. Kg3 Rd1 69. Rg5+ Kf6 70. Rg4 Kf5 71. Rg5+ Kf6 72. Rg4 Kf5
73. Ra4 Rg1+ 74. Kf2 Rh1 75. Kg2 Rc1 76. Rg4 Rc8 77. h5 Rh8 78. Rh4 Kg5 79. Kg3
Rh6 80. Rg4+ Kf5 81. Rg6 Rxh5 82. Rg4 1/2-1/2

[Event "World Blitz 2015"]
[Site "Berlin GER"]
[Date "2015.10.13"]
[Round "7.88"]
[White "Wendt, Jan-Dietrich"]
[Black "Tari, Aryan"]
[Result "0-1"]
[WhiteTitle "FM"]
[BlackTitle "IM"]
[WhiteElo "2332"]
[BlackElo "2521"]
[WhiteFideId "4623797"]
[BlackFideId "1510045"]
[EventDate "2015.10.13"]

1. Nf3 d5 2. d4 Nf6 3. c4 dxc4 4. e3 b5 5. a4 b4 6. Bxc4 e6 7. O-O Be7 8. Qe2
O-O 9. e4 Bb7 10. e5 Nd5 11. Nbd2 Nd7 12. Ne4 c5 13. dxc5 Nxc5 14. Rd1 Qc7 15.
Nxc5 Qxc5 16. Bd2 Rac8 17. Rac1 Qa5 18. Bb3 Nb6 19. h4 Bxf3 20. gxf3 Bxh4 21.
Kg2 Be7 22. Qe4 g6 23. Rxc8 Rxc8 24. Rh1 Nd7 25. f4 Nc5 26. Qf3 Nxb3 27. Qxb3
Qd5+ 28. Qxd5 exd5 29. Be3 Rc2 30. Rd1 Bc5 31. Bxc5 Rxc5 32. Rd4 a5 33. b3 Kf8
34. Kg3 Ke7 35. Kg4 h6 36. f5 gxf5+ 37. Kxf5 h5 38. Rh4 Rc3 39. Rxh5 Rxb3 40. f4
Rc3 41. Rh7 Rc6 42. Rh8 Rb6 43. Kg5 b3 44. Rh1 b2 45. Rb1 d4 46. f5 d3 47. Kf4
d2 48. Ke3 d1=Q 0-1

[Event "World Blitz 2015"]
[Site "Berlin GER"]
[Date "2015.10.13"]
[Round "7.89"]
[White "Sawlin, Leonid"]
[Black "Stefansson, Hannes"]
[Result "1-0"]
[BlackTitle "GM"]
[WhiteElo "2258"]
[BlackElo "2602"]
[WhiteFideId "4689542"]
[BlackFideId "2300087"]
[EventDate "2015.10.13"]

1. e4 c5 2. Nf3 e6 3. d4 cxd4 4. Nxd4 a6 5. Nc3 d6 6. Bd3 Nf6 7. O-O Be7 8. Kh1
O-O 9. f4 Qc7 10. Qf3 Nbd7 11. Bd2 b5 12. Rae1 Bb7 13. a3 g6 14. Qg3 Nh5 15. Qh3
Nc5 16. Nf3 Nxd3 17. cxd3 Nf6 18. Qh6 Rfe8 19. e5 Bf8 20. Qh4 Nh5 21. g4 Be7 22.
Qh3 Ng7 23. Ne4 h5 24. exd6 hxg4 25. Qxg4 Bxd6 26. Nf6+ Kf8 27. Nxe8 Rxe8 28.
Qh4 Nf5 29. Qf6 Kg8 30. Bc3 Kf8 31. Kg1 Bxf4 32. Bb4+ Bd6 33. Bxd6+ Qxd6 34. Ne5 1-0

[Event "World Blitz 2015"]
[Site "Berlin GER"]
[Date "2015.10.13"]
[Round "7.90"]
[White "Camacho Collados, Jose"]
[Black "Valdes Romero, Leonardo"]
[Result "0-1"]
[WhiteTitle "IM"]
[BlackTitle "IM"]
[WhiteElo "2383"]
[BlackElo "2362"]
[WhiteFideId "2265427"]
[BlackFideId "6500331"]
[EventDate "2015.10.13"]

1. Nf3 Nf6 2. g3 g6 3. Bg2 Bg7 4. d4 O-O 5. O-O d6 6. a4 Nbd7 7. a5 Rb8 8. Nc3
c5 9. Bf4 cxd4 10. Nb5 a6 11. Nxd6 exd6 12. Bxd6 Ne4 13. Bxb8 Nxb8 14. Qd3 Nc5
15. Qc4 Ne6 16. Rfd1 Nc6 17. b4 Qe7 18. Rab1 Rd8 19. h3 Nc7 20. Rb3 Be6 21. Qc5
Qxc5 22. bxc5 Bxb3 23. cxb3 Nxa5 24. Nd2 Nc6 25. Nc4 Ne6 26. Bxc6 bxc6 27. b4
Rb8 28. Nb6 a5 29. bxa5 Nxc5 30. Rc1 Nb3 31. Rxc6 Nxa5 32. Rd6 Bf8 33. Rd5 Rxb6
34. Rxa5 Rb1+ 35. Kg2 Rb2 36. Kf3 h5 37. Ra8 Kg7 38. Rd8 Bc5 39. Rc8 Rb3+ 40.
Ke4 Rc3 41. Kd5 Be7 42. Re8 Bf6 43. Ke4 h4 44. gxh4 Rxh3 45. f4 Re3+ 0-1

[Event "World Blitz 2015"]
[Site "Berlin GER"]
[Date "2015.10.13"]
[Round "7.91"]
[White "Koehler, Gerhard2"]
[Black "Thiede, Lars"]
[Result "0-1"]
[BlackTitle "IM"]
[WhiteElo "2173"]
[BlackElo "2437"]
[WhiteFideId "12909700"]
[BlackFideId "4607759"]
[EventDate "2015.10.13"]

1. c4 Nf6 2. Nc3 g6 3. d4 Bg7 4. e4 d6 5. Be2 O-O 6. Nf3 Na6 7. O-O e5 8. Re1 c6
9. Bf1 exd4 10. Nxd4 Ng4 11. h3 Qb6 12. hxg4 Qxd4 13. Be3 Qxd1 14. Raxd1 Bxg4
15. Rxd6 Be6 16. Red1 Nb4 17. R1d2 Be5 18. a3 Bxd6 19. Rxd6 Nc2 20. Bg5 Na1 21.
Bf6 Nb3 22. Na4 Na5 23. Nc5 b6 24. Nxe6 fxe6 25. e5 c5 26. g3 Rac8 27. Rxe6 Rfe8
28. Rd6 Rc6 29. Rd7 Rxf6 30. exf6 Rf8 31. Rg7+ Kh8 32. Rxa7 Rxf6 33. Rc7 Rd6 34.
Bg2 Nxc4 35. Be4 Nxb2 36. Kg2 Nc4 37. a4 Nd2 38. Bb7 Nb3 39. Bc6 Nd4 40. Bb5 g5
41. f4 h6 42. fxg5 hxg5 43. Kh3 Ne6 44. Rb7 Nd8 45. Re7 Rd4 46. Kg2 Kg8 47. Kf3
Kf8 48. Rh7 g4+ 49. Ke3 Ne6 50. Rb7 Rb4 51. Rxb6 Ng7 52. Rc6 Nf5+ 53. Kf2 Rb2+
54. Ke1 Nxg3 55. Rxc5 Ke7 56. Rg5 Rb1+ 57. Kf2 Ne4+ 58. Ke3 Nxg5 59. Kf4 Ne6+
60. Kxg4 Nd4 61. Kf4 Nxb5 62. axb5 Rxb5 63. Ke4 Kd6 64. Kf4 Ke6 65. Kg4 Kf6 66.
Kf4 Rb4+ 67. Ke3 Ke5 0-1

[Event "World Blitz 2015"]
[Site "Berlin GER"]
[Date "2015.10.13"]
[Round "7.92"]
[White "Ben Artzi, Ido"]
[Black "Kulon, Klaudia"]
[Result "1/2-1/2"]
[WhiteTitle "IM"]
[BlackTitle "WGM"]
[WhiteElo "2419"]
[BlackElo "2324"]
[WhiteFideId "2810913"]
[BlackFideId "1131044"]
[EventDate "2015.10.13"]

1. d4 d5 2. c4 e6 3. Nf3 c6 4. e3 Bd6 5. Nc3 f5 6. Bd3 Nf6 7. O-O Nbd7 8. cxd5
cxd5 9. Bd2 O-O 10. Rc1 a6 11. Bb1 Ne4 12. Ne1 Qh4 13. g3 Qh3 14. Nxe4 fxe4 15.
f3 Bxg3 16. hxg3 Qxg3+ 17. Ng2 exf3 18. Rf2 fxg2 19. Rxg2 Qh4 20. Bb4 Rf7 21.
Qc2 g6 22. Qc7 Kg7 23. Qd6 Nf8 24. Rc7 Bd7 25. Qe5+ Kg8 26. Bd3 Rc8 27. Rxc8
Bxc8 28. Qb8 Bd7 29. Qe5 Bb5 30. Bxb5 axb5 31. Bxf8 Kxf8 32. Qb8+ Kg7 33. Qe5+
Qf6 34. Qxf6+ Rxf6 35. Rc2 Rf7 36. Rc5 g5 37. Rxb5 g4 1/2-1/2

[Event "World Blitz 2015"]
[Site "Berlin GER"]
[Date "2015.10.13"]
[Round "7.93"]
[White "Carstensen, Jacob"]
[Black "Hovhannisyan, Mher"]
[Result "1/2-1/2"]
[WhiteTitle "IM"]
[BlackTitle "IM"]
[WhiteElo "2352"]
[BlackElo "2499"]
[WhiteFideId "1404180"]
[BlackFideId "13300865"]
[EventDate "2015.10.13"]

1. d4 d5 2. c4 c6 3. Nf3 Nf6 4. e3 a6 5. Bd3 b5 6. cxd5 cxd5 7. O-O e6 8. Ne5
Bb7 9. Nd2 Nbd7 10. f4 Be7 11. Qf3 Rc8 12. Qh3 Ne4 13. Ndf3 Nxe5 14. fxe5 O-O
15. Nd2 Bg5 16. Nf3 Bh6 17. g4 Bg5 18. Nxg5 Qxg5 19. Qg2 Rc7 20. Bxe4 dxe4 21.
Bd2 Rc2 22. b3 h5 23. Rf2 hxg4 24. a4 bxa4 25. bxa4 Rfc8 26. Raf1 R8c7 27. Ba5
Rxf2 28. Qxf2 Rd7 29. Qf4 Qxf4 30. Rxf4 Bd5 31. Rxg4 Rb7 32. Bd8 Kf8 33. a5 Rb1+
34. Kf2 Rb2+ 35. Kg3 Re2 36. Bg5 Ra2 37. Bd8 Re2 38. Bg5 Ra2 39. Rh4 Kg8 40. Rg4
Kf8 41. Rh4 Kg8 42. Bd8 Re2 43. Bg5 Ra2 44. Bd8 Re2 1/2-1/2

[Event "World Blitz 2015"]
[Site "Berlin GER"]
[Date "2015.10.13"]
[Round "7.94"]
[White "Zepeda, Lorena"]
[Black "Thornton, Giovanni Antonio"]
[Result "0-1"]
[WhiteTitle "WIM"]
[WhiteElo "2106"]
[BlackElo "2207"]
[WhiteFideId "6700233"]
[BlackFideId "4300963"]
[EventDate "2015.10.13"]

1. e4 e6 2. d3 d5 3. Nd2 Nf6 4. Ngf3 Bc5 5. Be2 O-O 6. O-O a5 7. c3 b6 8. d4 Be7
9. e5 Nfd7 10. Bd3 Ba6 11. Qe2 Bxd3 12. Qxd3 c5 13. Re1 Nc6 14. a3 Rc8 15. Nf1
c4 16. Qc2 b5 17. Bd2 b4 18. axb4 axb4 19. cxb4 Bxb4 20. Ng5 g6 21. Nf3 Bxd2 22.
Qxd2 Kg7 23. Ne3 h5 24. h4 Rc7 25. Ng5 Qe7 26. Ra4 Rb7 27. Rea1 Nb4 28. Nd1 Nd3
29. Ra7 Rfb8 30. Qc2 Qb4 31. Qe2 Qb6 32. Rxb7 Rxb7 33. Nf3 Qd8 34. Qc2 Qb8 35.
Rb1 Rb3 36. Kf1 Qb6 37. Kg1 Nb8 38. Kh2 Nc6 39. Qe2 Nxd4 40. Nxd4 Qxd4 41. Nc3
Qxh4+ 42. Kg1 Qd4 43. Kf1 Qxe5 44. Qxe5+ Nxe5 45. Ne2 Nc6 46. Ke1 d4 47. Kd2
Rd3+ 48. Kc2 Nb4+ 49. Kc1 e5 50. Ra1 f5 51. Ra7+ Kh6 52. Rb7 Nd5 53. Rb8 c3 54.
bxc3 Nxc3 55. Ng3 Kg5 56. Rb6 h4 0-1

[Event "World Blitz 2015"]
[Site "Berlin GER"]
[Date "2015.10.13"]
[Round "8.3"]
[White "Petrosian, Tigran L."]
[Black "Aronian, Levon"]
[Result "1/2-1/2"]
[WhiteTitle "GM"]
[BlackTitle "GM"]
[WhiteElo "2625"]
[BlackElo "2784"]
[WhiteFideId "13301616"]
[BlackFideId "13300474"]
[EventDate "2015.10.13"]

1. Nf3 d5 2. g3 Nf6 3. Bg2 e6 4. O-O Be7 5. d3 O-O 6. Nbd2 Nc6 7. e4 dxe4 8.
dxe4 e5 9. c3 a5 10. a4 Bc5 11. Qc2 Be6 12. Ng5 Bd7 13. Nc4 Qe7 14. Ne3 Bxe3 15.
Bxe3 Rad8 16. h3 Nb8 17. b4 b6 18. bxa5 bxa5 19. Nf3 Na6 20. Nh4 Nc5 21. Nf5
Bxf5 22. exf5 Nd5 23. Bxd5 Rxd5 24. Rfd1 c6 25. c4 Rd7 26. Rxd7 Nxd7 27. Qe4 Qd6
28. g4 Rb8 29. Qc2 h6 30. Rd1 Qc7 31. Qd2 Nf6 32. Qd6 Qxd6 33. Rxd6 Rb4 34. Rxc6
Rxa4 35. Rc8+ Kh7 36. Rc7 Kg8 37. Kg2 Ne4 38. Rc8+ Kh7 39. Rc7 f6 40. h4 Nd6 41.
c5 Nb5 42. Rb7 Rxg4+ 43. Kh3 Rb4 44. c6 Nd6 45. Rd7 Nxf5 46. Bc5 Rxh4+ 47. Kg2
Rg4+ 48. Kf1 Rc4 49. Rd5 Ne7 50. Bxe7 Rxc6 51. Rxa5 Kg6 52. Ra7 Rc8 53. Kg2 Kf5
54. Kg3 h5 55. Kh4 Rc3 56. Ra3 Rxa3 57. Bxa3 g6 58. Be7 Ke6 59. Bd8 Kf7 60. Bb6
Ke7 61. Ba5 Kd7 62. Bb6 Ke6 63. Bd8 Kf7 64. Bb6 1/2-1/2

[Event "World Blitz 2015"]
[Site "Berlin GER"]
[Date "2015.10.13"]
[Round "8.4"]
[White "Karjakin, Sergey"]
[Black "Kravtsiv, Martyn"]
[Result "1-0"]
[WhiteTitle "GM"]
[BlackTitle "GM"]
[WhiteElo "2762"]
[BlackElo "2621"]
[WhiteFideId "14109603"]
[BlackFideId "14113147"]
[EventDate "2015.10.13"]

1. e4 e5 2. Nf3 Nc6 3. Bb5 a6 4. Ba4 Nf6 5. O-O b5 6. Bb3 Bb7 7. Re1 Be7 8. d3
d6 9. a3 O-O 10. Nbd2 Qd7 11. Nf1 Nd8 12. Ng3 Ne6 13. c3 c5 14. d4 exd4 15. cxd4
c4 16. Bc2 d5 17. e5 Ne4 18. Qe2 f5 19. Rd1 a5 20. Ne1 b4 21. axb4 axb4 22. Rxa8
Bxa8 23. f3 Nxg3 24. hxg3 Qa7 25. Be3 b3 26. Bb1 Bc6 27. f4 Bd8 28. Nf3 Bb6 29.
Qf2 Be8 30. g4 fxg4 31. Qh4 h5 32. f5 gxf3 33. fxe6 fxg2 34. Kxg2 Bc6 35. Qxh5
g6 36. Bxg6 Bd8 37. Rh1 Qg7 38. Bh6 Qe7 1-0

[Event "World Blitz 2015"]
[Site "Berlin GER"]
[Date "2015.10.13"]
[Round "8.8"]
[White "Mamedov, Rauf"]
[Black "Eljanov, Pavel"]
[Result "1/2-1/2"]
[WhiteTitle "GM"]
[BlackTitle "GM"]
[WhiteElo "2657"]
[BlackElo "2717"]
[WhiteFideId "13401653"]
[BlackFideId "14102951"]
[EventDate "2015.10.13"]

1. e4 c6 2. Nc3 d5 3. Nf3 Bg4 4. h3 Bxf3 5. Qxf3 e6 6. d4 Nf6 7. Bd3 dxe4 8.
Nxe4 Qxd4 9. Be3 Qd8 10. O-O-O Nbd7 11. Bc4 Nxe4 12. Qxe4 Be7 13. Rhe1 O-O 14.
Bxe6 Nf6 15. Rxd8 Nxe4 16. Rxa8 Rxa8 17. Bf5 Nd6 18. Bd3 a6 19. Bf4 Bf8 20. c4
g6 21. Kc2 Re8 22. Rxe8 Nxe8 23. a3 f5 24. b4 Kf7 25. c5 Nf6 26. Bc4+ Nd5 27.
Bxd5+ cxd5 28. Kd3 Ke6 29. Be3 Bg7 30. a4 Bb2 31. b5 axb5 32. axb5 Kd7 33. Bd4
Ba3 34. f3 Bb4 35. Ke3 Ke6 36. g4 fxg4 37. fxg4 Ba3 38. Kd3 Bb4 39. Kc2 Kd7 40.
Kb3 Be1 41. Kc2 Bb4 42. Kd3 Ke6 43. Ke3 Ba3 44. Kf3 Bb4 45. Ke2 Ba3 46. Kd3 Bb4
47. Kc2 Kd7 48. Kb3 Be1 49. Ka4 Bd2 50. Kb3 Be1 51. Be3 Ke6 52. Kc2 Bb4 53. Kd3
Ba3 54. Bd4 Bb4 55. Ke3 Ba3 56. h4 Bb4 57. h5 gxh5 58. gxh5 Ba3 59. Kf4 Bc1+ 60.
Kg4 Bd2 61. Kf3 Bb4 62. Kf4 Bd2+ 63. Kg4 Bc1 64. c6 bxc6 65. bxc6 Kd6 66. Kf5
Kxc6 67. Ke6 Ba3 68. Kf7 Bc5 69. Be5 Be3 70. Kg7 h6 71. Kg6 Kc5 72. Bg7 Kc4 73.
Bxh6 Bxh6 74. Kxh6 d4 75. Kg7 d3 76. h6 1/2-1/2

[Event "World Blitz 2015"]
[Site "Berlin GER"]
[Date "2015.10.13"]
[Round "8.9"]
[White "Bocharov, Dmitry"]
[Black "Svidler, Peter"]
[Result "1/2-1/2"]
[WhiteTitle "GM"]
[BlackTitle "GM"]
[WhiteElo "2560"]
[BlackElo "2727"]
[WhiteFideId "4138716"]
[BlackFideId "4102142"]
[EventDate "2015.10.13"]

1. Nf3 c5 2. g3 Nc6 3. Bg2 g6 4. O-O Bg7 5. e4 Nf6 6. Re1 d5 7. exd5 Nxd5 8. d3
O-O 9. Nbd2 b6 10. Nc4 Bb7 11. a4 Qc7 12. c3 Rad8 13. Qb3 h6 14. a5 e6 15. Bd2
Nce7 16. axb6 axb6 17. Ra7 Ra8 18. Rea1 Rxa7 19. Rxa7 Ra8 20. Qa4 Rxa7 21. Qxa7
Nc8 22. Qa4 Bc6 23. Qb3 b5 24. Ne3 Nd6 25. Qa3 c4 26. Nxd5 Bxd5 27. Bf4 Bf8 28.
dxc4 bxc4 29. Qa6 Qc5 30. Nd2 Bxg2 31. Kxg2 e5 32. Be3 Qd5+ 33. Kg1 h5 34. h4 f6
35. Qa4 Kf7 36. Qd7+ Be7 37. Qa4 g5 38. hxg5 fxg5 39. Qc2 h4 40. Qh7+ Ke8 41.
Qh5+ Kd7 42. Bxg5 hxg3 43. Qg4+ Kc7 44. Qxg3 Bxg5 45. Qxg5 Qd3 46. Qe3 Qc2 47.
Kg2 Kd7 48. Nf3 e4 49. Nd4 Qxb2 50. Qh3+ Kc7 51. Qe6 Qb6 52. Qe7+ Kc8 53. Qe6+
Kc7 54. Qe7+ Kc8 55. Ne6 Qc6 56. Qf8+ Kd7 57. Nd4 Qd5 58. Qg7+ Kc8 59. Qg4+ Kc7
60. Qf4 Kd7 61. Qg4+ Kc7 62. Kf1 Qf7 63. Qg3 Kd7 64. Qh3+ Kc7 65. Ke2 Qf6 66.
Qh7+ Kc8 67. Qg8+ Kd7 68. Qd5 Qg6 69. Qc6+ Ke7 70. Qc7+ Ke8 71. Nc6 Qg4+ 72. Ke1
Qe6 73. Qb8+ Kd7 74. Nd4 Qh3 75. Qa7+ Ke8 76. Qg7 Qxc3+ 77. Kf1 Qh3+ 78. Ke1
Qc3+ 1/2-1/2

[Event "World Blitz 2015"]
[Site "Berlin GER"]
[Date "2015.10.13"]
[Round "8.11"]
[White "Bauer, Christian"]
[Black "Korobov, Anton"]
[Result "0-1"]
[WhiteTitle "GM"]
[BlackTitle "GM"]
[WhiteElo "2623"]
[BlackElo "2700"]
[WhiteFideId "603767"]
[BlackFideId "14105730"]
[EventDate "2015.10.13"]

1. e4 c5 2. Nf3 d6 3. c3 Nf6 4. h3 Nbd7 5. Bd3 b6 6. O-O Bb7 7. Re1 Qc7 8. Bc2
Rc8 9. d3 g6 10. a4 Bg7 11. Na3 O-O 12. Bg5 e5 13. Qd2 d5 14. Bh6 Rfe8 15. Bxg7
Kxg7 16. a5 Rcd8 17. Qe2 Nf8 18. Ba4 Re7 19. exd5 Nxd5 20. g3 f6 21. Nc4 Ne6 22.
axb6 axb6 23. Bb5 Ndf4 24. gxf4 Nxf4 25. Qd1 Qc8 26. Nh2 h5 27. Re3 Nxh3+ 28.
Kf1 Qf5 29. Qe2 Nf4 30. Qd1 Qg5 31. Nf3 Qg2+ 32. Ke1 e4 33. Ra7 Nxd3+ 34. Rxd3
Rxd3 35. Ncd2 exf3+ 0-1

[Event "World Blitz 2015"]
[Site "Berlin GER"]
[Date "2015.10.13"]
[Round "8.12"]
[White "Fridman, Daniel"]
[Black "Tomashevsky, Evgeny"]
[Result "1/2-1/2"]
[WhiteTitle "GM"]
[BlackTitle "GM"]
[WhiteElo "2649"]
[BlackElo "2758"]
[WhiteFideId "11600454"]
[BlackFideId "4147235"]
[EventDate "2015.10.13"]

1. d4 d5 2. c4 e6 3. Nc3 c6 4. e3 f5 5. Nf3 Nf6 6. Be2 Bd6 7. Ne5 O-O 8. O-O
Nbd7 9. f4 Ne4 10. Nxe4 fxe4 11. Bd2 Nxe5 12. fxe5 Be7 13. Rxf8+ Qxf8 14. Qb3 b6
15. Rf1 Qd8 16. Qa4 Bd7 17. Qd1 Qc7 18. Qc2 Qb7 19. b4 Rf8 20. Rxf8+ Bxf8 21. c5
b5 22. a4 a6 23. a5 1/2-1/2

[Event "World Blitz 2015"]
[Site "Berlin GER"]
[Date "2015.10.13"]
[Round "8.15"]
[White "Edouard, Romain"]
[Black "Volokitin, Andrei"]
[Result "1-0"]
[WhiteTitle "GM"]
[BlackTitle "GM"]
[WhiteElo "2636"]
[BlackElo "2639"]
[WhiteFideId "633429"]
[BlackFideId "14107090"]
[EventDate "2015.10.13"]

1. Nf3 c5 2. b3 g6 3. Bb2 Nf6 4. e4 Bg7 5. Bd3 O-O 6. Nc3 Nc6 7. O-O Nb4 8. Qe2
d6 9. h3 Nh5 10. Qe3 Nxd3 11. Qxd3 Nf4 12. Qe3 e5 13. Ne2 f5 14. d3 Ne6 15. c3
f4 16. Qd2 Ng5 17. Nxg5 Qxg5 18. Kh2 Qh4 19. f3 g5 20. Kg1 h5 21. Qe1 Qxe1 22.
Rfxe1 g4 23. Kh2 Kf7 24. d4 Bf6 25. Rad1 Be6 26. dxe5 dxe5 27. c4 Rg8 28. Rd6
Rg7 29. Rf1 Rag8 30. fxg4 hxg4 31. Nxf4 exf4 32. Rxf4 Ke7 33. Rxe6+ Kxe6 34.
Rxf6+ Kd7 35. Rf5 g3+ 36. Kg1 Re7 37. e5 Rgg7 38. Rf3 Ref7 39. e6+ Kxe6 40. Bxg7
Rxg7 41. Kf1 Ke5 42. Ke2 Ke4 43. h4 Rg4 44. h5 Rh4 45. Rxg3 Rxh5 46. Rg7 b6 47.
Rxa7 Kd4 1-0

[Event "World Blitz 2015"]
[Site "Berlin GER"]
[Date "2015.10.13"]
[Round "8.16"]
[White "Anand, Viswanathan"]
[Black "Gajewski, Grzegorz"]
[Result "1/2-1/2"]
[WhiteTitle "GM"]
[BlackTitle "GM"]
[WhiteElo "2803"]
[BlackElo "2654"]
[WhiteFideId "5000017"]
[BlackFideId "1116207"]
[EventDate "2015.10.13"]

1. d4 Nf6 2. c4 e6 3. Nc3 Bb4 4. e3 O-O 5. Ne2 c6 6. a3 Ba5 7. Ng3 d5 8. Bd3
Nbd7 9. O-O dxc4 10. Bxc4 e5 11. Ba2 Bc7 12. Qc2 Re8 13. dxe5 Nxe5 14. Bd2 Qd3
15. Rac1 Qxc2 16. Rxc2 Be6 17. Bxe6 Rxe6 18. Nf5 1/2-1/2

[Event "World Blitz 2015"]
[Site "Berlin GER"]
[Date "2015.10.13"]
[Round "8.20"]
[White "Gelfand, Boris"]
[Black "Bartel, Mateusz"]
[Result "1/2-1/2"]
[WhiteTitle "GM"]
[BlackTitle "GM"]
[WhiteElo "2741"]
[BlackElo "2622"]
[WhiteFideId "2805677"]
[BlackFideId "1112635"]
[EventDate "2015.10.13"]

1. d4 e6 2. c4 Bb4+ 3. Nd2 d5 4. Qa4+ Nc6 5. e3 Ne7 6. Nf3 O-O 7. a3 Bxd2+ 8.
Bxd2 b6 9. b4 dxc4 10. Bxc4 Bb7 11. Qc2 Nf5 12. O-O Nce7 13. Ne5 Ng6 14. Nxg6
hxg6 15. Bd3 Rc8 16. Rad1 Qe7 17. Bc3 Rfd8 18. Bb2 c5 19. dxc5 bxc5 20. bxc5
Rxc5 21. Qe2 Rcc8 22. Bb1 e5 23. Rxd8+ Rxd8 24. Rd1 Rb8 25. e4 Nd4 26. Qe3 Rd8
27. Kh1 Nf5 28. Rxd8+ Qxd8 29. Qc1 Nd4 30. f3 Qb6 31. Ba2 Kf8 32. Qc4 Ne6 33.
Bxe5 Kg8 34. Qc1 Qf2 35. Bxe6 fxe6 36. h3 Qb6 37. Qg5 Kf7 38. Bc3 Qc7 39. Bd4 a6
40. Qe3 Qd6 41. Bc3 Qxa3 42. Qd4 Qc1+ 43. Kh2 Qf4+ 44. Kg1 Qf6 45. Qd7+ Qe7 46.
Qd4 Kg8 47. Qe5 Bc6 48. h4 Be8 49. Bb2 Qd7 50. Bc3 Qe7 51. Bb2 1/2-1/2

[Event "World Blitz 2015"]
[Site "Berlin GER"]
[Date "2015.10.13"]
[Round "8.21"]
[White "Onischuk, Vladimir"]
[Black "Ivanisevic, Ivan"]
[Result "1-0"]
[WhiteTitle "GM"]
[BlackTitle "GM"]
[WhiteElo "2612"]
[BlackElo "2653"]
[WhiteFideId "14114038"]
[BlackFideId "912417"]
[EventDate "2015.10.13"]

1. e4 c5 2. Nf3 Nc6 3. Bb5 b6 4. Bxc6 dxc6 5. O-O Qc7 6. e5 Bg4 7. Re1 e6 8. d3
Ne7 9. h3 Bh5 10. Nbd2 Nd5 11. Nf1 Be7 12. Ng3 Bg6 13. b3 a5 14. a4 h6 15. Bb2
O-O 16. Nd2 Rad8 17. Nc4 b5 18. Nd2 Nb4 19. Nge4 Rd5 20. f4 Rfd8 21. Kh1 R8d7
22. Qc1 Qd8 23. Nf3 Qb6 24. Bc3 Rd8 25. Kh2 Qc7 26. Re2 R5d7 27. Qg1 Rd5 28. Qf2
R8d7 29. Bxb4 cxb4 30. g4 Rd8 31. Ng3 Bh7 32. f5 Bc5 33. Qg2 Qb6 34. Nh5 Bd4 35.
Rae1 Bc3 36. Rf1 Qc7 37. Qg3 Re8 38. g5 exf5 39. gxh6 Bg6 40. Nxg7 Red8 41. Nxf5
Kh8 42. Nd6 Qe7 43. Rg1 Bxe5 44. Nxe5 1-0

[Event "World Blitz 2015"]
[Site "Berlin GER"]
[Date "2015.10.13"]
[Round "8.23"]
[White "Swiercz, Dariusz"]
[Black "Melkumyan, Hrant"]
[Result "0-1"]
[WhiteTitle "GM"]
[BlackTitle "GM"]
[WhiteElo "2620"]
[BlackElo "2622"]
[WhiteFideId "1126881"]
[BlackFideId "13302485"]
[EventDate "2015.10.13"]

1. Nf3 Nf6 2. g3 c5 3. Bg2 Nc6 4. c4 g6 5. O-O Bg7 6. Nc3 O-O 7. d3 b6 8. Rb1
Bb7 9. a3 d5 10. Bg5 d4 11. Na4 a5 12. Bd2 Nd7 13. b4 axb4 14. axb4 Qc7 15. Qb3
Rfb8 16. Ra1 Nxb4 17. Bxb4 cxb4 18. Qxb4 Bc6 19. Nd2 Bxg2 20. Kxg2 Ra7 21. Nb2
Bf8 22. Rxa7 Qxa7 23. Qb5 Nc5 24. Nf3 Rd8 25. Rb1 Rd6 26. Nd1 Qa8 27. Kg1 Nxd3
28. exd3 Qxf3 29. Nb2 Re6 30. Qd5 Qe2 31. Qb5 Qc2 32. Na4 Qxd3 33. Nxb6 Qc2 34.
Nd7 Rd6 35. Nxf8 Kxf8 36. c5 Rd8 37. Re1 d3 38. Qb7 Qxc5 39. Qb2 Qd4 40. Qd2 e6
41. Re3 Kg7 42. h4 h5 43. Kg2 Rd5 44. Re1 Qc4 45. Rd1 Qc2 46. Kf3 Qc6 47. Kg2
Rd4+ 48. Kg1 e5 49. Qe3 Qd5 50. Qd2 e4 51. Qc3 Qc4 52. Qb2 Kh7 53. Rd2 Rd7 54.
Kh2 Qe6 55. Rd1 e3 56. fxe3 Qxe3 57. Rd2 Re7 58. Qa2 Qxd2+ 59. Qxd2 Re2+ 0-1

[Event "World Blitz 2015"]
[Site "Berlin GER"]
[Date "2015.10.13"]
[Round "8.24"]
[White "Cheparinov, Ivan"]
[Black "Schneider, Ilja"]
[Result "1-0"]
[WhiteTitle "GM"]
[BlackTitle "IM"]
[WhiteElo "2681"]
[BlackElo "2481"]
[WhiteFideId "2905540"]
[BlackFideId "4663306"]
[EventDate "2015.10.13"]

1. d4 d5 2. c4 c6 3. Nf3 Nf6 4. e3 Bf5 5. Nc3 e6 6. Nh4 Be4 7. f3 Bg6 8. Qb3 Qc7
9. g3 Be7 10. Be2 a6 11. a4 Nbd7 12. O-O O-O 13. a5 dxc4 14. Bxc4 e5 15. Nxg6
hxg6 16. Kg2 Rad8 17. Qc2 exd4 18. exd4 c5 19. dxc5 Qxc5 20. Ba2 Ne5 21. Qe2 Nd3
22. Be3 Qb4 23. Bb6 Rd7 24. Rad1 Qxb2 25. Qxb2 Nxb2 26. Rxd7 Nxd7 27. Nd5 Bc5
28. Bc7 Nf6 29. Rb1 Bd4 30. Ne7+ Kh7 31. f4 Re8 32. Bd6 Ng8 33. Bxf7 Nxe7 34.
Bxe8 Nf5 35. Be5 Nc4 36. Bxd4 Nxd4 37. Rxb7 Nxa5 38. Rb6 Nc4 39. Bxg6+ Kh6 40.
Rxa6 Ne3+ 41. Kh3 Nd5 42. Be4+ Nf6 43. g4 Ne2 44. g5+ Kh5 45. Bf3+ 1-0